00874cam a2200277 a 450000100090000000300040000900500170001300800410003001000170007102000180008802500270010603500260013303700630015904000180022204200100024004300120025005000240026208200210028624500710030726000460037830000330042450000330045750400510049065100370054170000180057815068649OSt20191218144936.0070928s2008 ii a bs 001 0 eng  a 2007375312 a9788183871334 aI-E-2007-375312; 79-24 a(IN-NdUBS)UBS07002631 bLibrary of Congress -- New Delhi Overseas OfficecRs895.00 aDLCcDLCdDLC alcode aa-ii---00aHC437.K4bK475 2008 a338.95483bMEE/K00aKerala economy :bslumber to performance /cedited by Meera Bai M. aNew Delhi :bSerials Publications,c2008. aix, 306 p. :bill. ;c23 cm. aIncludes statistical tables. aIncludes bibliographical references and index. 0aKerala (India)xEconomic policy. aBai M, Meera